[Event "TIPC 2005"]
[Site "Charleroi"]
[Date "2005.07.30"]
[Round "1"]
[White "Werner G"]
[Black "Gouliev N"]
[Result "0-1"]
[WhiteElo "1799"]
[BlackElo "2555"]
[PlyCount "42"]

1. f4 Nf6 2. Nf3 c5 3. b3 g6 4. Bb2 Bg7 5. e3 O-O
6. Be2 Nc6 7. O-O d6 8. d3 Bd7 9. Ng5 e5 10. Ne4 Nd5 11. Qc1 Qe7 12. fxe5 Nxe5
13. Na3 Bh6 14. Rf4 f5 15. Bxe5 dxe5 16. Rf3 fxe4 17. Rxf8+ Rxf8 18. Nc4 Qf6
19. dxe4 Qf2+ 20. Kh1 Nxe3 21. Nxe3 Qxe2 0-1

[Event "TIPC 2005"]
[Site "Charleroi"]
[Date "2005.07.30"]
[Round "1"]
[White "Rogmans J"]
[Black "Karpatchev A"]
[Result "0-1"]
[WhiteElo "1761"]
[BlackElo "2487"]
[PlyCount "62"]

1. d4 d5 2. Nf3 Nf6 3. e3 c5 4. b3 cxd4 5. exd4
Nc6 6. Bb2 Bg4 7. Bd3 e6 8. O-O Bd6 9. Nbd2 O-O 10. a3 Rc8 11. Qe1 Bf4 12. Ne5
Nxe5 13. dxe5 Nd7 14. f3 Bh5 15. Rf2 Qb6 16. Nf1 Bg6 17. Bxg6 hxg6 18. Kh1 Bxe5
19. Bxe5 Nxe5 20. Re2 Nd7 21. Ne3 Nf6 22. Rd1 Rc7 23. Rdd2 Rfc8 24. Qf2 Rc3 25.
Nd1 Qxf2 26. Rxf2 R3c6 27. Nb2 g5 28. Nd3 b5 29. Ne5 Ra6 30. f4 Rxa3 31. Rd1
Ne4 0-1

[Event "TIPC 2005"]
[Site "Charleroi"]
[Date "2005.07.30"]
[Round "1"]
[White "Dgebuadze, Alexandre"]
[Black "Reyskens, Jules"]
[Result "1-0"]
[WhiteElo "2521"]
[BlackElo "1791"]
[PlyCount "83"]

1. e4 c5 2. Nf3 e6 3. d3 Nc6 4. g3 d5 5. Qe2
Be7 6. Bg2 Nf6 7. O-O O-O 8. e5 Nd7 9. c4 dxc4 10. dxc4 Qc7 11. Re1 b6 12. Nc3
a6 13. Bf4 Bb7 14. Rad1 Nd4 15. Nxd4 Bxg2 16. Kxg2 cxd4 17. Rxd4 Nc5 18. Red1
Rfd8 19. b3 Rxd4 20. Rxd4 Rd8 21. Rxd8+ Qxd8 22. Be3 Nd7 23. f4 Bc5 24. Ne4 Qa8
25. Qf3 Kh8 26. Nxc5 Qxf3+ 27. Kxf3 Nxc5 28. Bxc5 bxc5 29. a3 a5 30. Ke4 Kg8
31. b4 cxb4 32. axb4 axb4 33. Kd3 Kf8 34. c5 Ke7 35. Kc4 Kd7 36. Kxb4 Kc6 37.
Kc4 f6 38. exf6 gxf6 39. g4 e5 40. g5 fxg5 41. f5 h5 42. f6 1-0

[Event "TIPC 2005"]
[Site "Charleroi"]
[Date "2005.07.30"]
[Round "1"]
[White "Hardy, Cédric"]
[Black "Russo, Julien"]
[Result "0-1"]
[WhiteElo "1612"]
[BlackElo "2084"]
[PlyCount "68"]

1. d4 d5 2. c4 c6 3. Nc3 Nf6 4. Nf3 e6 5. Bg5
h6 6. Bh4 dxc4 7. e4 g5 8. Bg3 b5 9. b3 Bb4 10. Qc2 Nxe4 11. Qxe4 Bxc3+ 12. Kd1
Bxa1 13. bxc4 f5 14. Qe5 Kf7 15. cxb5 g4 16. Bh4 Nd7 17. Bxd8 Nxe5 18. Nxe5+
Kg7 19. Nxc6 Bb7 20. Bc7 Rhc8 21. Be5+ Kf7 22. g3 Bxc6 23. bxc6 Bxd4 24. Bxd4
Rd8 25. c7 Rxd4+ 26. Kc2 Rc8 27. Kc3 Rd6 28. Bg2 Rxc7+ 29. Kb4 Rb6+ 30. Ka5 Rc2
31. Ra1 Rxf2 32. Bf1 Rbb2 33. Bc4 Rxh2 34. Re1 Rxa2+ 0-1

[Event "TIPC 2005"]
[Site "Charleroi"]
[Date "2005.07.30"]
[Round "1"]
[White "Deboulle, Patrick"]
[Black "Guebel, Yves"]
[Result "0-1"]
[WhiteElo "1492"]
[BlackElo "1987"]
[PlyCount "62"]

1. e4 c5 2. Nf3 d6 3. d4 cxd4 4. Nxd4 Nf6 5.
Nc3 a6 6. Bd3 Nc6 7. Nde2 Bg4 8. f3 Bd7 9. Bg5 e6 10. Qd2 Be7 11. h3 Qc7 12.
O-O h6 13. Bh4 Nxe4 14. Bxe4 Bxh4 15. Bxc6 Bxc6 16. Nd4 O-O 17. Nxc6 bxc6 18.
b3 Bf6 19. Rad1 d5 20. Ne2 c5 21. g4 a5 22. f4 a4 23. g5 hxg5 24. fxg5 Be5 25.
h4 axb3 26. cxb3 c4 27. Rc1 Qb6+ 28. Kh1 cxb3 29. axb3 Qxb3 30. Nf4 Ra2 31. Qd3
Qb2 0-1

[Event "TIPC 2005"]
[Site "Charleroi"]
[Date "2005.07.30"]
[Round "1"]
[White "Ringoir, Tanguy"]
[Black "Dejasse, Daniel"]
[Result "1-0"]
[WhiteElo "1937"]
[BlackElo "1378"]
[PlyCount "35"]

1. e4 e5 2. Nf3 Nc6 3. Nc3 Nf6 4. g3 Bc5 5. Bg2
a6 6. Nxe5 Nxe5 7. d4 Bd6 8. dxe5 Bxe5 9. f4 Bxc3+ 10. bxc3 O-O 11. e5 Ne8 12.
Ba3 d6 13. O-O f6 14. Qd5+ Kh8 15. Rae1 fxe5 16. fxe5 Rxf1+ 17. Rxf1 Qe7 18.
Rf7 1-0

[Event "TIPC 2005"]
[Site "Charleroi"]
[Date "2005.07.30"]
[Round "1"]
[White "Clarembeau, Alexis"]
[Black "Glibert, Stéphane"]
[Result "0-1"]
[WhiteElo "1169"]
[BlackElo "1827"]
[PlyCount "40"]

1. e4 c5 2. Nf3 d6 3. Bb5+ Bd7 4. Bxd7+ Qxd7 5.
O-O Nc6 6. Qe2 e6 7. Re1 Be7 8. Nc3 Bf6 9. d3 Nge7 10. Be3 Nd4 11. Bxd4 cxd4
12. Nb1 Rc8 13. e5 dxe5 14. Nxe5 Qc7 15. Nc4 Nd5 16. Nba3 a6 17. Nb1 b5 18.
Nca3 Be7 19. Qg4 O-O 20. Qxd4 Bf6 0-1

[Event "TIPC 2005"]
[Site "Charleroi"]
[Date "2005.07.30"]
[Round "1"]
[White "Chatalbashev B"]
[Black "Dewinck B"]
[Result "1-0"]
[WhiteElo "2499"]
[BlackElo "1764"]
[PlyCount "39"]

1. d4 d5 2. c4 c6 3. Nf3 Nf6 4. Nc3 Bf5 5. cxd5
cxd5 6. Qb3 b6 7. Ne5 e6 8. e4 Bxe4 9. Bb5+ Nfd7 10. Nxe4 dxe4 11. d5 a6 12.
Nxf7 Kxf7 13. dxe6+ Ke8 14. exd7+ Nxd7 15. Bc6 Rc8 16. Qe6+ Be7 17. O-O Rf8 18.
Rd1 Rc7 19. Rxd7 Rxd7 20. Bg5 1-0

[Event "TIPC 2005"]
[Site "Charleroi"]
[Date "2005.07.30"]
[Round "1"]
[White "Vandevoort P"]
[Black "Deboulle M"]
[Result "1-0"]
[WhiteElo "2415"]
[BlackElo "1737"]
[PlyCount "51"]

1. d4 Nf6 2. Nf3 g6 3. c4 Bg7 4. Nc3 d5 5. cxd5
Nxd5 6. e4 Nxc3 7. bxc3 c5 8. Rb1 O-O 9. Be2 cxd4 10. cxd4 Nc6 11. d5 Ne5 12.
Nxe5 Bxe5 13. O-O b6 14. f4 Bd6 15. Be3 f6 16. Rc1 Bb7 17. Bg4 Bc8 18. Be2 Bb7
19. Bb5 Rc8 20. Bc6 Rc7 21. Bd4 Qa8 22. e5 fxe5 23. fxe5 Rxf1+ 24. Qxf1 Bc5 25.
Bxc5 Bxc6 26. Be3 1-0

[Event "TIPC 2005"]
[Site "Charleroi"]
[Date "2005.07.30"]
[Round "1"]
[White "Georges B"]
[Black "Antic D"]
[Result "0-1"]
[WhiteElo "1776"]
[BlackElo "2512"]
[PlyCount "57"]

1. e4 c5 2. Nc3 Nc6 3. f4 e6 4. Nf3 d5 5. Bb5
Nge7 6. Qe2 d4 7. Nd1 a6 8. Bxc6+ Nxc6 9. d3 Be7 10. Nf2 b5 11. O-O Bb7 12. Bd2
Qb6 13. Kh1 f6 14. Rfb1 Rc8 15. Be1 O-O 16. Nh3 Bd6 17. e5 fxe5 18. Nfg5 g6 19.
Qg4 Rf5 20. Qh4 Qc7 21. g4 Rff8 22. Kg1 Rce8 23. Ne4 exf4 24. Nhg5 Re7 25. Qh6
Ne5 26. h3 Bxe4 27. Nxe4 Rg7 28. Bh4 Nf7 29. Nf6+ 0-1

[Event "TIPC 2005"]
[Site "Charleroi"]
[Date "2005.07.30"]
[Round "1"]
[White "Ghislain JP"]
[Black "Tannemaat S"]
[Result "0-1"]
[WhiteElo "1472"]
[BlackElo "1956"]
[PlyCount "50"]

1. Nf3 Nf6 2. c4 e6 3. d4 c5 4. Nc3 d5 5. e3 Nc6
6. Bd3 Be7 7. O-O O-O 8. Re1 Re8 9. a3 cxd4 10. exd4 dxc4 11. Bxc4 Nd5 12. Bxd5
exd5 13. Bf4 a6 14. h3 Be6 15. Rc1 Na5 16. Ne5 Rc8 17. Ne2 Qb6 18. b4 Nc6 19.
Be3 Red8 20. Nf4 Nxe5 21. dxe5 d4 22. Rxc8 Bxc8 23. Bc1 a5 24. bxa5 Qxa5 25.
Qb3 Qxe1+ 0-1

[Event "TIPC 2005"]
[Site "Charleroi"]
[Date "2005.07.30"]
[Round "1"]
[White "Froeyman H"]
[Black "Brunet D"]
[Result "1-0"]
[WhiteElo "2332"]
[BlackElo "1727"]
[PlyCount "35"]

1. e4 e5 2. Nf3 f5 3. Nxe5 Qf6 4. d4 d6 5. Nc4
fxe4 6. Nc3 Qf7 7. Be2 Nf6 8. O-O Be7 9. Bg5 Bf5 10. Ne3 Bg6 11. Bc4 Qf8 12. f3
exf3 13. Qxf3 c6 14. Rae1 Nbd7 15. Be6 O-O-O 16. Qh3 Kb8 17. Bxd7 Rxd7 18. Bxf6
1-0

[Event "TIPC 2005"]
[Site "Charleroi"]
[Date "2005.07.30"]
[Round "1"]
[White "Deprez D"]
[Black "Laurent B"]
[Result "0-1"]
[WhiteElo "1710"]
[BlackElo "2328"]
[PlyCount "46"]

1. c4 e5 2. Nc3 Nf6 3. Nf3 Nc6 4. d4 exd4 5.
Nxd4 Bb4 6. g3 Ne4 7. Qd3 Nc5 8. Qe3+ Ne6 9. Nc2 O-O 10. Bg2 Re8 11. Qd2 Ba5
12. Bxc6 Bxc3 13. Qxc3 bxc6 14. O-O c5 15. e4 Bb7 16. f3 d6 17. b3 Rf8 18. Bb2
Qd7 19. Rae1 Rae8 20. f4 f5 21. exf5 Qc6 22. Ne3 Qh1+ 23. Kf2 Qxh2+ 0-1

[Event "TIPC 2005"]
[Site "Charleroi"]
[Date "2005.07.30"]
[Round "1"]
[White "Delcour E"]
[Black "Perez R"]
[Result "0-1"]
[WhiteElo "1756"]
[BlackElo "2442"]
[PlyCount "25"]

1. e4 g6 2. d4 Bg7 3. Nc3 c6 4. f4 d5 5. e5 Nh6
6. Be2 f6 7. Nf3 Bg4 8. O-O O-O 9. Be3 Nf5 10. Qd2 Bxf3 11. Rxf3 e6 12. Raf1 c5
13. Nb5 {Suite illisible !} 0-1

[Event "TIPC 2005"]
[Site "Charleroi"]
[Date "2005.07.30"]
[Round "1"]
[White "Real T"]
[Black "Burnay G"]
[Result "1/2-1/2"]
[WhiteElo "1408"]
[BlackElo "1941"]
[PlyCount "51"]

1. d4 Nf6 2. Bf4 d5 3. e3 g6 4. Nf3 Bg7 5. Nbd2
Nbd7 6. Bd3 b6 7. O-O O-O 8. c4 e6 9. Rc1 c5 10. Bd6 Re8 11. Ne5 Nxe5 12. dxe5
Nd7 13. f4 Bb7 14. Qg4 Bf8 15. Bxf8 Rxf8 16. cxd5 exd5 17. e6 Nf6 18. exf7+
Rxf7 19. Qh4 Qe7 20. Rce1 Re8 21. Rf3 Ne4 22. Qxe7 Rfxe7 23. Nxe4 dxe4 24. Bc4+
Kg7 25. Rff1 Bc8 26. Rd1 1/2-1/2

[Event "TIPC 2005"]
[Site "Charleroi"]
[Date "2005.07.30"]
[Round "1"]
[White "Marchiano M"]
[Black "Fosset F"]
[Result "1/2-1/2"]
[WhiteElo "1512"]
[BlackElo "2007"]
[PlyCount "42"]

1. e4 Nc6 2. Nf3 d6 3. d4 Nf6 4. Nc3 Bg4 5. Bb5
a6 6. Be2 e5 7. dxe5 dxe5 8. Bg5 Bb4 9. Qxd8+ Rxd8 10. Bd2 Bxf3 11. Bxf3 O-O
12. O-O-O Nd4 13. Nb1 {(=)} Bxd2+ 14. Rxd2 Nxf3 15. gxf3 Rxd2 16. Nxd2 b5 17.
c4 Nh5 18. cxb5 axb5 19. Nb3 Rd8 20. Rd1 Rxd1+ 21. Kxd1 Nf4 {(=)} 1/2-1/2

[Event "TIPC 2005"]
[Site "Charleroi"]
[Date "2005.07.30"]
[Round "1"]
[White "Mailleux G"]
[Black "Culot M"]
[Result "1-0"]
[WhiteElo "1852"]
[BlackElo "1186"]
[PlyCount "47"]

1. d4 d5 2. c4 c6 3. Nc3 Nf6 4. h3 e6 5. e3 Bd6
6. Nf3 O-O 7. Bd3 Nbd7 8. O-O e5 9. dxe5 Nxe5 10. Nxe5 Bxe5 11. cxd5 Bxc3 12.
bxc3 Qxd5 13. Qc2 Rd8 14. Be2 Bf5 15. Qb3 Be6 16. Qxb7 Qc5 17. Qb4 Qxb4 18.
cxb4 Nd5 19. a3 Nc3 20. Bf3 Rac8 21. Bb2 Na4 22. Bd4 c5 23. bxc5 Nxc5 24. Rac1
1-0

[Event "TIPC 2005"]
[Site "Charleroi"]
[Date "2005.07.30"]
[Round "1"]
[White "Lalau A"]
[Black "Detraux D"]
[Result "1-0"]
[WhiteElo "2019"]
[BlackElo "1573"]
[PlyCount "27"]

1. e4 Nf6 2. Nc3 d5 3. exd5 Nxd5 4. Bc4 Nb6 5.
Bb3 Nc6 6. d3 Bf5 7. Bg5 Qd7 8. Nge2 f6 9. Be3 e5 10. f4 O-O-O 11. Qd2 Bb4 12.
O-O-O Nd5 13. Bxd5 Bxc3 14. Nxc3 1-0

[Event "TIPC 2005"]
[Site "Charleroi"]
[Date "2005.07.30"]
[Round "1"]
[White "Herpigny Y"]
[Black "Hautot S"]
[Result "0-1"]
[WhiteElo "1729"]
[BlackElo "2334"]
[PlyCount "40"]

1. e4 d6 2. d4 Nf6 3. Nc3 Nbd7 4. Nf3 e5 5. Bc4
Be7 6. O-O O-O 7. Re1 c6 8. a4 b6 9. d5 c5 10. a5 a6 11. axb6 Nxb6 12. Bf1 Ne8
13. Be3 g6 14. Qd2 f5 15. exf5 gxf5 16. Bh6 Rf6 17. Bg5 Rg6 18. Bxe7 Qxe7 19.
g3 Qf6 20. Nh4 Qxh4 0-1

[Event "TIPC 2005"]
[Site "Charleroi"]
[Date "2005.07.30"]
[Round "1"]
[White "Henris L"]
[Black "Charlier L"]
[Result "1-0"]
[WhiteElo "2283"]
[BlackElo "1704"]
[PlyCount "59"]

1. e4 e5 2. f4 d5 3. exd5 c6 4. Nc3 exf4 5. Nf3
Bd6 6. Bc4 cxd5 7. Bxd5 Nc6 8. O-O Nge7 9. d4 Nxd5 10. Nxd5 g5 11. Nc3 Bg4 12.
Qe1+ Kf8 13. Ne4 Bxf3 14. Rxf3 Nxd4 15. Rd3 Qb6 16. Be3 fxe3 17. Nxd6 e2 18.
Kh1 Qxb2 19. Nc4 Qxa1 20. Qxa1 Re8 21. Re3 Rg8 22. Rxe8+ Kxe8 23. Qe1 Rg6 24.
c3 Nc2 25. Qxe2+ Re6 26. Ne5 f6 27. Qb5+ Kf8 28. Qc5+ Kg7 29. Qc7+ Kh6 30. Qf7
1-0

[Event "TIPC 2005"]
[Site "Charleroi"]
[Date "2005.07.30"]
[Round "1"]
[White "Hanset M"]
[Black "Fedder P"]
[Result "1-0"]
[WhiteElo "1824"]
[BlackElo "1164"]
[PlyCount "31"]

1. e4 e5 2. Nf3 Qf6 3. Nc3 Bb4 4. Nd5 Qd6 5.
Bc4 c6 6. Nxb4 Qxb4 7. Qe2 h6 8. Nxe5 Qe7 9. Bxf7+ Kd8 10. d4 d6 11. Ng6 Qxf7
12. Nxh8 Qe8 13. Bf4 Kc7 14. e5 dxe5 15. Bxe5+ Kb6 16. Bc7+ 1-0

[Event "TIPC 2005"]
[Site "Charleroi"]
[Date "2005.07.30"]
[Round "1"]
[White "Baeten O"]
[Black "Burel I"]
[Result "1-0"]
[WhiteElo "1995"]
[BlackElo "1510"]
[PlyCount "45"]

1. d4 Nf6 2. c4 g6 3. Nc3 Bg7 4. e4 d6 5. Nf3
Nbd7 6. Be2 c5 7. O-O Qb6 8. e5 dxe5 9. dxe5 Ng4 10. Nd5 Qc6 11. Bg5 f6 12.
exf6 Ngxf6 13. Re1 Nxd5 14. cxd5 Qd6 15. Bb5 Bf6 16. Re6 Qc7 17. Bxf6 O-O 18.
Bxe7 Nb6 19. d6 Qb8 20. d7 Bxd7 21. Bxd7 Nxd7 22. Qxd7 Re8 23. Bf6 1-0

[Event "TIPC 2005"]
[Site "Charleroi"]
[Date "2005.07.30"]
[Round "1"]
[White "Watelet P "]
[Black "Pitropakis A"]
[Result "0-1"]
[WhiteElo "1150"]
[BlackElo "1801"]
[PlyCount "67"]

1. e4 e5 2. Nc3 Nf6 3. Bc4 Nxe4 4. Nxe4 d5 5.
Bxd5 Qxd5 6. Qf3 Be7 7. Nc3 Qxf3 8. Nxf3 Nc6 9. O-O O-O 10. d3 Bg4 11. Ne1 f5
12. h3 Bh5 13. f4 Bc5+ 14. Kh1 Rae8 15. fxe5 Nxe5 16. Bf4 Bd6 17. Nb5 a6 18.
Nxd6 cxd6 19. d4 Nc4 20. b3 Ne3 21. Bxe3 Rxe3 22. Nd3 b5 23. Rae1 Rxe1 24. Nxe1
f4 25. Nf3 h6 26. Kg1 Bg6 27. c4 Re8 28. Re1 Rxe1+ 29. Nxe1 Bb1 30. a3 Ba2 31.
c5 dxc5 32. dxc5 Bxb3 33. Nf3 Bd5 34. Nd4 {
La partie ne peut pas etre reconstituee a partir de ce coup} 0-1

[Event "TIPC 2005"]
[Site "Charleroi"]
[Date "2005.07.30"]
[Round "1"]
[White "Van Uytven E"]
[Black "Cottenier C"]
[Result "1-0"]
[WhiteElo "2167"]
[BlackElo "1648"]
[PlyCount "41"]

1. d4 d5 2. c4 c6 3. Nf3 Nf6 4. e3 Bf5 5. cxd5
cxd5 6. Qb3 Qc7 7. Bd2 e6 8. Bb5+ Nbd7 9. O-O Rc8 10. Nc3 Bd6 11. Rac1 Qb8 12.
Ne5 a6 13. Bxd7+ Nxd7 14. f4 Nf6 15. Qa4+ Ke7 16. Be1 Bxe5 17. fxe5 Ng4 18.
Rxf5 exf5 19. Nxd5+ Ke6 20. Nb6 Rhd8 21. Rxc8 1-0

[Event "TIPC 2005"]
[Site "Charleroi"]
[Date "2005.07.30"]
[Round "1"]
[White "Uhoda P"]
[Black "Peeters S"]
[Result "1/2-1/2"]
[WhiteElo "2174"]
[BlackElo "1649"]
[PlyCount "60"]

1. d4 d5 2. c4 e6 3. Nc3 Nf6 4. Nf3 Bb4 5. g3
O-O 6. Bg2 c6 7. O-O Nbd7 8. Qb3 Bd6 9. Rd1 Re8 10. Bg5 Qc7 11. Rac1 h6 12.
Bxf6 Nxf6 13. cxd5 exd5 14. Nb5 Qe7 15. Nxd6 Qxd6 16. Ne5 Rb8 17. Qc3 Bf5 18.
e3 Qe6 19. b4 Bh3 20. a4 Bxg2 21. Kxg2 Ne4 22. Qe1 Ng5 23. Qf1 f6 24. f4 fxe5
25. fxg5 hxg5 26. b5 Rf8 27. Qe2 Rf6 28. bxc6 bxc6 29. Rc2 Rbf8 30. dxe5 Qxe5
1/2-1/2

[Event "TIPC 2005"]
[Site "Charleroi"]
[Date "2005.07.30"]
[Round "1"]
[White "Ivanov M"]
[Black "Versailles M"]
[Result "1-0"]
[WhiteElo "2462"]
[BlackElo "1759"]
[PlyCount "31"]

1. Nf3 d5 2. d4 Nf6 3. c4 e6 4. Bg5 Be7 5. e3
Ne4 6. Bxe7 Qxe7 7. Qb3 Nd7 8. Nc3 Nxc3 9. bxc3 dxc4 10. Bxc4 Nb6 11. Bd3 c5
12. O-O Bd7 13. a4 Rc8 14. Ne5 Rc7 15. a5 Nd5 16. Nxd7 1-0

[Event "TIPC 2005"]
[Site "Charleroi"]
[Date "2005.07.31"]
[Round "2"]
[White "Krasucki Y"]
[Black "Dgebuadze A"]
[Result "0-1"]
[WhiteElo "2026"]
[BlackElo "2521"]
[PlyCount "42"]

1. e4 c5 2. Nc3 a6 3. g3 b5 4. Bg2 Bb7 5. Nge2
e6 6. d4 cxd4 7. Nxd4 Nf6 8. O-O b4 9. e5 Bxg2 10. Kxg2 bxc3 11. exf6 Qxf6 12.
bxc3 Bc5 13. f4 O-O 14. Rb1 Rc8 15. Bb2 Bxd4 16. cxd4 Qf5 17. Rf2 Nc6 18. Qf3
Rab8 19. g4 Qg6 20. h4 h5 21. g5 Nxd4 0-1

[Event "TIPC 2005"]
[Site "Charleroi"]
[Date "2005.07.31"]
[Round "2"]
[White "Guisset P"]
[Black "Van Uytven E"]
[Result "1/2-1/2"]
[WhiteElo "1877"]
[BlackElo "2167"]
[PlyCount "45"]

1. c4 e5 2. g3 Nf6 3. Bg2 d5 4. cxd5 Nxd5 5. Nc3
Nb6 6. Nf3 Nc6 7. O-O Be7 8. d3 O-O 9. a3 Be6 10. b4 a5 11. b5 Nd4 12. Rb1 f6
13. Re1 a4 14. Nd2 Qc8 15. e3 Nf5 16. Nde4 Rd8 17. Qc2 Qd7 18. Bf1 Qe8 19. Bg2
Qd7 20. Bf1 Bf8 21. Qb2 Nh6 22. d4 Nc4 23. Qa1 1/2-1/2

[Event "TIPC 2005"]
[Site "Charleroi"]
[Date "2005.07.31"]
[Round "2"]
[White "De Troch JP"]
[Black "Vandenbruande A"]
[Result "0-1"]
[WhiteElo "1320"]
[BlackElo "1641"]
[PlyCount "50"]

1. d4 Nf6 2. c4 e6 3. Nc3 Bb4 4. Bd2 b6 5. Nf3
Bb7 6. e3 O-O 7. Be2 c5 8. O-O d5 9. cxd5 Bxc3 10. Bxc3 cxd4 11. Qxd4 Qxd5 12.
Bc4 Qh5 13. Nd2 Nc6 14. Qf4 e5 15. Qg3 Kh8 16. Bb5 Nd7 17. Nc4 f6 18. Rfd1 Nc5
19. Nd6 Rad8 20. f3 Ba8 21. e4 Ne6 22. Qg4 Qxg4 23. fxg4 Ncd4 24. Nf5 Nxb5 25.
Rxd8 Rxd8 0-1

[Event "TIPC 2005"]
[Site "Charleroi"]
[Date "2005.07.31"]
[Round "2"]
[White "Fosset F"]
[Black "Real T"]
[Result "1-0"]
[WhiteElo "2007"]
[BlackElo "1408"]
[PlyCount "36"]

1. e4 c5 2. Bc4 Nc6 3. c3 Nf6 4. Qe2 g6 5. Bb3
Bg7 6. d3 O-O 7. e5 Ne8 8. f4 d6 9. exd6 exd6 10. Nf3 Nf6 11. O-O Re8 12. Qd1
Be6 13. Bc2 Bg4 14. Nbd2 Nd5 15. Ne4 f5 16. Bb3 Nce7 17. Neg5 h6 18. Qc2 hxg5 {
La suite est illisible} 1-0

[Event "TIPC 2005"]
[Site "Charleroi"]
[Date "2005.07.31"]
[Round "2"]
[White "Mastalerz X"]
[Black "Russo I"]
[Result "1-0"]
[WhiteElo "1671"]
[BlackElo "1341"]
[PlyCount "51"]

1. e4 g6 2. d4 Bg7 3. Nc3 d6 4. Be3 Nf6 5. Qd2
Ng4 6. Nf3 Nxe3 7. Qxe3 O-O 8. h4 Nc6 9. O-O-O Bg4 10. Be2 h5 11. d5 Bxf3 12.
gxf3 Ne5 13. f4 Bh6 14. Qg3 e6 15. Kb1 Nd7 16. dxe6 Nc5 17. exf7+ Kxf7 18. Bc4+
Kg7 19. f5 Qf6 20. Rhg1 Rae8 21. f3 a6 22. Nd5 Nxe4 23. fxe4 Rxe4 24. Nxf6 Rxf6
25. Qc3 Re3 26. Rxg6+ 1-0

[Event "TIPC 2005"]
[Site "Charleroi"]
[Date "2005.07.31"]
[Round "2"]
[White "Lucrezi M"]
[Black "Hardy C"]
[Result "0-1"]
[WhiteElo "1150"]
[BlackElo "1612"]
[PlyCount "36"]

1. e4 e5 2. Nf3 Nc6 3. Bc4 Bc5 4. Nc3 Nf6 5. Ng5
O-O 6. Na4 Bb6 7. c3 d6 8. Qb3 Qe7 9. O-O Na5 10. Qb4 Nxc4 11. Qxc4 h6 12. Nh3
Be6 13. Qd3 Bxh3 14. Qxh3 Nxe4 15. d4 exd4 16. Nxb6 axb6 17. cxd4 Ng5 18. Qh4
Nf3+ 0-1

[Event "TIPC 2005"]
[Site "Charleroi"]
[Date "2005.07.31"]
[Round "2"]
[White "Lenoir T"]
[Black "Clarembeau A"]
[Result "1-0"]
[WhiteElo "1640"]
[BlackElo "1169"]
[PlyCount "37"]

1. d4 d5 2. c4 e6 3. Nc3 c6 4. Nf3 Nf6 5. e3
dxc4 6. Bxc4 b5 7. Bd3 Nbd7 8. O-O Bb7 9. e4 c5 10. Bxb5 Nxe4 11. Nxe4 Bxe4 12.
Ne5 Bd6 13. Bxd7+ Ke7 14. Nc6+ Bxc6 15. Bxc6 Rc8 16. d5 e5 17. Qg4 g6 18. Bg5+
f6 19. Qe6+ 1-0

[Event "TIPC 2005"]
[Site "Charleroi"]
[Date "2005.07.31"]
[Round "2"]
[White "Culot M"]
[Black "Charlier P"]
[Result "1/2-1/2"]
[WhiteElo "116"]
[BlackElo "1633"]
[PlyCount "37"]

1. d4 d5 2. c4 c6 3. Nc3 Nf6 4. Nf3 dxc4 5. e4
Bg4 6. Be3 e6 7. Bxc4 Nbd7 8. O-O Be7 9. e5 Nd5 10. Nxd5 cxd5 11. Be2 O-O 12.
Rc1 Qb6 13. Qd3 Bf5 14. Qb5 Rfd8 15. Qxb6 Nxb6 16. Rc7 Rd7 17. Rfc1 Bd8 18.
Rxd7 Nxd7 19. Bb5 1/2-1/2

[Event "TIPC 2005"]
[Site "Charleroi"]
[Date "2005.07.31"]
[Round "2"]
[White "Counet JM"]
[Black "Pitropakis A"]
[Result "1-0"]
[WhiteElo "2118"]
[BlackElo "1801"]
[PlyCount "55"]

1. e4 e5 2. Nf3 Nc6 3. c3 Nf6 4. d4 d5 5. Bb5
Bd7 6. exd5 Nxd5 7. dxe5 Nb6 8. O-O a6 9. Bd3 Bg4 10. Bf4 g5 11. Bxg5 Be7 12.
Bf4 Qd7 13. Qe2 O-O-O 14. Be4 Rdg8 15. Bg3 h5 16. h4 Qe6 17. Nbd2 Rg7 18. b4
Rhg8 19. Qd3 Rd8 20. Qe3 Nd5 21. Bxd5 Rxd5 22. a4 Rd8 23. b5 axb5 24. axb5 Nb8
25. Ra8 b6 26. Nd4 Qd5 27. Nc6 Kb7 28. Ra7+ 1-0

[Event "TIPC 2005"]
[Site "Charleroi"]
[Date "2005.07.31"]
[Round "2"]
[White "Burnay G"]
[Black "Bonafede L"]
[Result "1-0"]
[WhiteElo "1941"]
[BlackElo "1532"]
[PlyCount "69"]

1. d4 Nf6 2. c4 e6 3. Nc3 Bb4 4. Qc2 d5 5. e3 c5
6. dxc5 Qc7 7. Bd3 Nbd7 8. a3 Bxc3+ 9. Qxc3 Nxc5 10. Be2 Bd7 11. b3 Rc8 12. Bb2
Nce4 13. Qd4 Qc5 14. Nf3 Qxd4 15. Bxd4 b6 16. Ne5 Nc5 17. Rb1 O-O 18. Nxd7
Ncxd7 19. O-O e5 20. Bb2 Ne4 21. Rfd1 d4 22. exd4 exd4 23. Bxd4 Ndf6 24. b4
Rfe8 25. Kf1 a6 26. Rbc1 b5 27. cxb5 Rxc1 28. Rxc1 Nd2+ 29. Ke1 Nb3 30. Rd1
axb5 31. Bxf6 gxf6 32. Kf1 Ra8 33. Bxb5 Rxa3 34. Bc4 Ra1 35. Bxb3 1-0

[Event "TIPC 2005"]
[Site "Charleroi"]
[Date "2005.07.31"]
[Round "2"]
[White "Perez R"]
[Black "Baeten O"]
[Result "1-0"]
[WhiteElo "2442"]
[BlackElo "1995"]
[PlyCount "35"]

1. e4 c5 2. Nf3 e6 3. Nc3 a6 4. d4 cxd4 5. Nxd4
Qc7 6. Be2 Bb4 7. O-O Nf6 8. Qd3 Bxc3 9. bxc3 d5 10. e5 Qxe5 11. Ba3 Nbd7 12.
Rfe1 Qc7 13. Qe3 Ne4 14. c4 Qa5 15. cxd5 Qxd5 16. Rad1 Qxa2 17. Ra1 Qd5 18. c4
1-0

[Event "TIPC 2005"]
[Site "Charleroi"]
[Date "2005.07.31"]
[Round "2"]
[White "Belva F"]
[Black "Chatalbashev B"]
[Result "0-1"]
[WhiteElo "1855"]
[BlackElo "2499"]
[PlyCount "58"]

1. Nf3 d5 2. g3 c6 3. Bg2 Bg4 4. d3 Nd7 5. O-O
e5 6. e4 Bd6 7. Nbd2 Ne7 8. h3 Bh5 9. Qe2 O-O 10. Re1 Re8 11. g4 Bg6 12. Nh4
Nc5 13. Nf1 Ne6 14. Ng3 dxe4 15. Nxg6 Nxg6 16. dxe4 Nef4 17. Bxf4 Nxf4 18. Qe3
Qa5 19. Qb3 Bc5 20. Bf1 b5 21. Nf5 Rad8 22. Rad1 Rd2 23. Ne3 Red8 24. c3 Qb6
25. Rxd2 Rxd2 26. c4 b4 27. h4 h6 28. Ra1 Qd8 29. h5 Qh4 0-1

[Event "TIPC 2005"]
[Site "Charleroi"]
[Date "2005.07.31"]
[Round "2"]
[White "Detraux D"]
[Black "Georges B"]
[Result "1/2-1/2"]
[WhiteElo "1573"]
[BlackElo "1776"]
[PlyCount "47"]

1. e4 Nf6 2. e5 Nd5 3. c4 Nb6 4. d4 d6 5. exd6
cxd6 6. Nc3 g6 7. Nf3 Bg7 8. Be3 O-O 9. h3 Nc6 10. Qd2 Bf5 11. g4 Bc8 12. Bh6
Re8 13. Bxg7 Kxg7 14. d5 Nb8 15. O-O-O Na6 16. h4 Kg8 17. h5 e5 18. hxg6 fxg6
19. Bd3 Re7 20. Qg5 Qf8 21. Rh3 Qf4+ 22. Qxf4 exf4 23. Rh4 Nc5 24. Bc2 {(=)}
1/2-1/2

[Event "TIPC 2005"]
[Site "Charleroi"]
[Date "2005.07.31"]
[Round "2"]
[White "Geerts L"]
[Black "Werner G"]
[Result "0-1"]
[WhiteElo "1580"]
[BlackElo "1799"]
[PlyCount "56"]

1. d4 e6 2. c4 Bb4+ 3. Bd2 Bxd2+ 4. Nxd2 f5 5.
e4 fxe4 6. Nxe4 Nf6 7. Bd3 Nc6 8. Nf3 O-O 9. O-O b6 10. a3 Bb7 11. b4 Ne7 12.
Nfg5 Nf5 13. Nxf6+ Qxf6 14. Qh5 h6 15. h4 g6 16. Qg4 hxg5 17. hxg5 Qh8 18. d5
exd5 19. cxd5 Bxd5 20. Bc4 c6 21. Rad1 Rf7 22. Bxd5 cxd5 23. Rxd5 Rh7 24. g3
Rh1+ 25. Kg2 Qh2+ 26. Kf3 Rxf1 27. Rxd7 Qxf2+ 28. Ke4 Re1+ 0-1

[Event "TIPC 2005"]
[Site "Charleroi"]
[Date "2005.07.31"]
[Round "2"]
[White "Dal Borgo A"]
[Black "Chevry P"]
[Result "1/2-1/2"]
[WhiteElo "2196"]
[BlackElo "1858"]
[PlyCount "59"]

1. d4 Nf6 2. Bg5 b6 3. Nf3 g6 4. Nbd2 d5 5. e3
Bg7 6. Be2 O-O 7. O-O Nbd7 8. c3 Bb7 9. a4 a6 10. b4 Ne4 11. Nxe4 dxe4 12. Nd2
c5 13. a5 Nf6 14. Bxf6 Bxf6 15. Nc4 cxd4 16. cxd4 b5 17. Nb6 Ra7 18. Rc1 Qd6
19. Rc5 e6 20. Qb3 Bd8 21. Nc8 Bxc8 22. Rxc8 Be7 23. Rxf8+ Kxf8 24. Rb1 Rc7 25.
f3 exf3 26. Bxf3 Rc4 27. Be2 Rxb4 28. Qxb4 Qxb4 29. Rxb4 Bxb4 30. Bxb5 1/2-1/2